000 00451nam a2200169 a 4500
001 1163
005 20180713181232.0
008 140415s1988 mx 000 0 spa d
041 _aspa
082 _a972.061
_bALV
100 1 _aALVEAR ACEVEDO, CARLOS
245 1 0 _aEPISODIOS DE LA REVOLUCION MEXICANA
250 _a1a ed.
260 _aMEXICO :
_bJUS,
_c1988
300 _a347
650 1 4 _aMEXICO
_xHISTORIA
_xREVOLUCION, 1910
_x1917
999 _c1163
_d1163